| 000 | 00531nam a2200181Ia 4500 | ||
|---|---|---|---|
| 003 | OSt | ||
| 005 | 20260325145829.0 | ||
| 008 | 190216s9999||||xx |||||||||||||| ||und|| | ||
| 020 | _a9788126418213 | ||
| 040 | _coclc | ||
| 082 |
_a869.342 _bCOE/V |
||
| 100 | 1 |
_aCoelho, Paulo _95599 |
|
| 245 | 0 |
_aVelichathinte Poralikal = Manual Of The Warrior Of Light / _cPaulo Coelho |
|
| 260 |
_bDc Books, _c2008. _a Kottayam: |
||
| 300 | _a280p | ||
| 650 | _aNovel | ||
| 942 |
_cBK _2ddc _h869.342 _iCOE/V _k869.342 _mCOE/V |
||
| 999 |
_c29831 _d29831 |
||